Star Wars droids (difficult) - Statistics

General Stats
  • This quiz has been taken 24 times
    12 since last reset
  • The average score is 10 of 26
Answer Stats
Person Droid companion % Correct
Poe Dameron BB-8
100%
Luke Skywalker R2-D2
100%
Cassian Andor (Rogue One) K-2SO
86%
Cal Kestis BD-1
71%
Hera Syndulla C1-10P “Chopper”
71%
IG Series Bounty Hunter (Original Trilogy) IG-88
71%
IG Series Bounty Hunter (The Mandalorian) IG-11
57%
Cad Bane Todo 360
57%
The Freemakers RO-GR “Roger”
43%
Doctor Aphra 0-0-0 “Triple-Zero”
29%
Zuckuss 4-LOM
29%
Omega AZI-3
29%
Cassian Andor (series) B-2EMO
29%
Ochi of Bestoon D-O
29%
Lando Calrissian L3-37
29%
Leia Organa (young) LO-LA59
29%
BT-1
14%
Kazuda Xiono CB-23
14%
Moff Gideon Dark Troopers
14%
Revan HK-47
14%
Kay Vess ND-5
14%
Ranzar Malk Q9-0
14%
Jarek Yeager R1-J5 “Bucket”
14%
Iden Versio ID10 “Dio”
0%
IG Series Bounty hunter (Comics) IG-90
0%
Temmin “Snap” Wexley Mister Bones
0%
No matching quizzes found
Score Distribution
Percent of People with Each Score
Percentile by Number Answered
Your Score History
You have not taken this quiz since the last reset